000 00241nam a2200097Ia 4500
008 120527s9999 xx 000 0 und d
100 _aZutter,J.et al.
245 _aCantonal of museum of fine arts Lausanne.
260 _bS.I.A.R
942 _cBK
999 _c23245
_d23245